| 000 | 01330nam a22002297a 4500 | ||
|---|---|---|---|
| 999 |
_c56761 _d56761 |
||
| 003 | Ge_BSU | ||
| 005 | 20221102120927.0 | ||
| 008 | 190419s2001 ge ||||| |||| 00| 0 geo d | ||
| 020 | _a9992822465 | ||
| 041 | _ageo | ||
| 080 | _a343.132 გ--12 | ||
| 100 |
_aგაბისონია, იური _9240 |
||
| 245 |
_aმოკვლევისა და გამოძიების საპროცესო დოკუმენტების ნიმუშები : _bკანონმდებლობა მოცემულია 2000 წლის 1 მარტის მდგომარეობით / _cიური გაბისონია ; აპოლონ ფალიაშვილი ; რედ. გურამ ქარქაშაძე. |
||
| 264 |
_aთბილისი : _bმერიდიანი , _c2001. |
||
| 300 |
_a578 გვ . ; _c20 სმ. |
||
| 653 | _aსამართალი | ||
| 653 | _aსისხლის სამართალი | ||
| 653 | _aგამოძიების საპროცესო დოკუმენტები. | ||
| 700 |
_aფალიაშვილი, აპოლონ. _9241 _eავტორი |
||
| 700 |
_aგურამ, ქარქაშაძე _eრედაქტორი _9241 |
||
| 942 |
_2udc _cBK |
||